| 000 | 00710cam a22001934a 4500 | ||
|---|---|---|---|
| 005 | 20250605164346.0 | ||
| 008 | 250528s ||||||||||||||||||||||||d | ||
| 035 | _a23905 | ||
| 040 |
_aGR-AtMCL _bgre _dGR-AtMCL _eAACR2 |
||
| 245 | 1 | _aBridging Psychological and Physical Health Care / A Special Feature on Paediatric Clinical Psychology | |
| 260 | _c2012 | ||
| 300 | _a83 | ||
| 520 | _aBridging Psychological and Physical Health Care, Adjusting to Life with Chronic Illness, Coping and Acceptance in Chronic Childhood Conditions, Paediatric Intensive Care. | ||
| 700 | 1 |
_aSutton Jon _99351 |
|
| 942 | _cCR | ||
| 710 | 2 |
_aThe British Psychological Society _99823 |
|
| 999 |
_c8823 _d8823 |
||